[Event "Klubbmesterskapet 2017 (A)"]
[Site "Ås, Akershus NOR"]
[Date "2017.02.02"]
[Round "3"]
[White "Bø, Martin"]
[Black "Støle, Andreas"]
[Result "0-1"]
[WhiteElo "1285"]
[BlackElo "1632"]
[PlyCount "104"]
[EventDate "2017.01.12"]

1. d4 Nf6 2. c4 e6 3. Nf3 b6 4. g3 Bb7 5. Bg2 Bb4+ 6. Bd2 Be7 7. O-O Ne4 8. Nc3
d5 9. Ne5 O-O 10. Bf4 Nd7 11. Qc2 Nxe5 12. Bxe5 f5 13. cxd5 exd5 14. Nxe4 fxe4
15. Qxc7 Qxc7 16. Bxc7 Ba6 17. Bh3 Rf6 18. Be5 Rh6 19. Bg4 Bg5 20. Rfd1 Bc8 21.
Bxc8 Rxc8 22. h4 Be7 23. Bf4 Rhc6 24. Bd2 Rc2 25. Rac1 Kf7 26. Bc3 Rxc1 27.
Rxc1 Bf6 28. e3 Ke6 29. Kg2 g5 30. hxg5 Bxg5 31. Rh1 h6 32. f4 exf3+ 33. Kxf3
Rf8+ 34. Ke2 Rf7 35. Rh2 Rh7 36. Rf2 Be7 37. Kf3 h5 38. Rh2 Rf7+ 39. Ke2 Rf5
40. Kd3 Rg5 41. Be1 Bd6 42. Rh1 Kf5 43. Ke2 Ke4 44. Rh4+ Kf5 45. Rh1 Kg6 46.
Rh3 Rf5 47. Rh1 Rf7 48. Rh4 Rc7 49. Kd3 Rc1 50. Kd2 Rxe1 51. Rxh5 Kxh5 52. Kxe1
Bxg3+ 0-1

[Event "Klubbmesterskapet 2017 (A)"]
[Site "Ås, Akershus NOR"]
[Date "2017.01.26"]
[Round "3"]
[White "Kielland-Lund, Jon"]
[Black "Furnes, Torstein"]
[Result "1/2-1/2"]
[WhiteElo "1499"]
[BlackElo "1565"]
[Annotator "Furnes, Torstein"]
[PlyCount "63"]
[EventDate "2017.01.12"]

1. c4 e5 2. Nc3 Nf6 3. Nf3 Nc6 4. g3 d5 5. cxd5 Nxd5 6. Bg2 Nb6 7. O-O Be7 8.
a3 O-O 9. d3 Be6 10. b4 {Så langt har vi fulgt en av hovedvariantene i denne
åpningen. Men mitt neste trekk er det 4. mest spilte trekk i denne stillingen
hos ChessBase.} a6 ({Hovedvarianten er} 10... a5 11. b5 Nd4 {og her regnes det
som dårlig å slå bonden på e5:} 12. Nxe5 $6 Bf6 13. f4 Nb3 14. Rb1 $2 Qd4+ 15.
e3 Qxc3) 11. Be3 Qd7 12. Na4 $146 {Etter dette trekket er vi ute av databasene
til ChessBase.} Nxa4 13. Qxa4 Bh3 (13... Nd4 $6 {kan virke fristende, men
Fritz mener at det er hvit som kommer best ut av det etter} 14. Qxd7 Nxe2+ 15.
Kh1 Bxd7 16. Nxe5 $16) 14. Rfc1 Bxg2 15. Kxg2 Qd5 16. Bc5 e4 17. dxe4 Qxe4 18.
Bxe7 Qxe7 19. Qc2 Rfe8 20. e3 Rad8 21. Rd1 Qf6 22. Rac1 Re6 23. Rxd8+ Qxd8 24.
Rd1 Rd6 25. Rxd6 Qxd6 26. Qd2 Qxd2 27. Nxd2 Kf8 28. f4 Ke7 29. Kf3 f5 30. Nb3
b6 31. e4 fxe4+ 32. Kxe4 1/2-1/2

[Event "Klubbmesterskapet 2017 (B)"]
[Site "Ås, Akershus NOR"]
[Date "2017.01.26"]
[Round "3"]
[White "Thowsen, Alf Geir"]
[Black "Sandvik, Sander"]
[Result "0-1"]
[WhiteElo "1188"]
[BlackElo "1145"]
[PlyCount "82"]
[EventDate "2017.01.12"]

1. e4 e5 2. Nf3 Nc6 3. Bb5 Nf6 4. Nc3 Bc5 5. h3 O-O 6. a3 d6 7. O-O Be6 8. d3
a6 9. Bxc6 bxc6 10. b4 Ba7 11. Bb2 h6 12. Ne2 Qd7 13. c4 Bxh3 14. d4 Bg4 15.
Qd3 Bxf3 16. Qxf3 Rfe8 17. Rfd1 Qe6 18. Rac1 exd4 19. Nxd4 Qxe4 20. Qg3 Nh5 21.
Qf3 Qxf3 22. Nxf3 Nf4 23. Rc2 Re7 24. Nd4 Bxd4 25. Bxd4 Ne2+ 26. Kf1 Nxd4 27.
Rxd4 Rae8 28. Rd1 f5 29. c5 d5 30. g3 Rd8 31. Rd4 Re4 32. Rcd2 Rxd4 33. Rxd4
Re8 34. Rf4 g6 35. Rf3 Re4 36. Re3 Rxe3 37. fxe3 Kf7 38. Kf2 Kf6 39. Kf3 Ke5
40. a4 h5 41. b5 cxb5 0-1

[Event "Klubbmesterskapet 2017 (B)"]
[Site "Ås, Akershus NOR"]
[Date "2017.01.26"]
[Round "3"]
[White "Samset, Jon"]
[Black "Midtgard, Anders"]
[Result "0-1"]
[WhiteElo "1069"]
[BlackElo "1125"]
[PlyCount "114"]
[EventDate "2017.01.12"]

1. Nf3 f5 2. g3 Nf6 3. Bg2 e6 4. O-O Be7 5. d4 O-O 6. Nc3 d6 7. Bg5 Nbd7 8.
Bxf6 Nxf6 9. Qd3 d5 10. Ne5 Qe8 11. Bf3 Ne4 12. Nb5 Bd8 13. Bxe4 fxe4 14. Qb3
a6 15. Nc3 Qh5 16. Kg2 c5 17. e3 Bc7 18. Qa3 cxd4 19. exd4 Bxe5 20. dxe5 Qxe5
21. Qe7 Qf6 22. Qxf6 Rxf6 23. Rad1 Bd7 24. Nxe4 Rf7 25. Nd6 Bb5 26. Nxf7 Bxf1+
27. Kxf1 Kxf7 28. b4 b5 29. f4 Rc8 30. Rc1 Rc4 31. c3 d4 32. Ke2 dxc3 33. a3
Ke7 34. Kd3 c2 35. Rxc2 Rxc2 36. Kxc2 Kd6 37. Kd3 Kd5 38. h4 $4 {Stygg feil i
følge Fritz 14.} (38. g4 e5 39. fxe5 Kxe5 {ser kanskje remisaktig ut, men
Fritz påstår vinst for svart. Bondesluttspill er vanskelige!}) 38... h5 39. Ke3
Kc4 40. Ke4 Kb3 41. Ke5 Kxa3 42. Kxe6 Kxb4 43. f5 a5 44. Kf7 a4 45. Kxg7 a3 46.
f6 a2 47. f7 a1=Q+ 48. Kg8 Qa2 49. Kg7 Qb2+ 50. Kg8 Qb3 51. g4 Qe6 52. Kg7
Qxg4+ 53. Kh6 Qe6+ 54. Kg7 Qe7 55. Kg8 Kc4 56. f8=Q Qxf8+ 57. Kxf8 b4 0-1

[Event "Klubbmesterskapet 2017 (B)"]
[Site "Ås, Akershus NOR"]
[Date "2017.01.26"]
[Round "3"]
[White "Garmark, Vegard"]
[Black "Rønbeck, Bjørn"]
[Result "1-0"]
[WhiteElo "1217"]
[BlackElo "1168"]
[PlyCount "83"]
[EventDate "2017.01.12"]

1. e4 c5 2. Nf3 d6 3. Bb5+ Bd7 4. Bxd7+ Qxd7 5. O-O e5 6. c3 Nf6 7. d4 Nc6 8.
dxe5 Nxe5 9. Nxe5 dxe5 10. f3 O-O-O 11. Nd2 h5 12. b4 h4 13. Qb3 Nh5 14. Nc4
Qe6 15. Bg5 Be7 16. Be3 b5 17. bxc5 Qxc4 18. Qxc4 bxc4 19. Rab1 Rd3 20. Kf2 Kc7
21. c6 Kxc6 22. Rb2 Bc5 23. Bxc5 Kxc5 24. Rb7 Rd2+ 25. Kg1 Rhd8 26. Rc7+ Kd6
27. Rxc4 Rxa2 28. Rd1+ Ke7 29. Rc7+ Ke8 30. Rxd8+ Kxd8 31. Rxf7 Ra1+ 32. Kf2
Ra2+ 33. Kf1 Ra1+ 34. Kf2 Ra3 35. Rf5 g6 36. Rxe5 Rxc3 37. Ra5 Rc7 38. Ke3 Ke8
39. e5 Ke7 40. f4 Ng7 41. Kf3 Nf5 42. Kg4 {Kluss i notasjonen. Hvit vant i
trekk 51.} 1-0

[Event "Klubbmesterskapet 2017 (B)"]
[Site "Ås, Akershus NOR"]
[Date "2017.01.26"]
[Round "3"]
[White "Lange, Magnus Øyvind"]
[Black "Stensland, Martin"]
[Result "1-0"]
[WhiteElo "868"]
[BlackElo "1082"]
[PlyCount "121"]
[EventDate "2017.01.12"]

1. e4 e5 2. Nf3 Nc6 3. Bc4 Nf6 4. Ng5 d5 5. exd5 Nd4 6. c3 Nxd5 7. cxd4 Qxg5 8.
Bxd5 exd4 9. Qf3 Qe5+ 10. Qe4 Qxe4+ 11. Bxe4 Bd6 12. O-O O-O 13. b3 c5 14. d3
Rb8 15. Na3 b5 16. Re1 a6 17. g3 Bh3 18. Bg2 Bf5 19. Be4 Bh3 20. Bb2 Bc7 21.
Nc2 Ba5 22. Re2 Bg4 23. f3 Be6 24. Na3 Bc3 25. Bxc3 dxc3 26. Rc1 b4 27. Nb1
Rfd8 28. g4 Bd5 29. Bxd5 Rxd5 30. Re3 Rbd8 31. Kf2 Kf8 32. Ke2 Re8 33. Rxe8+
Kxe8 34. Re1 Kd7 35. Rc1 Re5+ 36. Kf2 Rd5 37. Ke3 Re5+ 38. Kf2 Rd5 39. Nxc3
bxc3 40. Rxc3 Kd6 41. a3 a5 42. h4 g6 43. Ke3 h6 44. Kf4 Rd4+ 45. Ke3 f6 46.
Rc4 Rd5 47. Ra4 Re5+ 48. Kd2 f5 49. Rxa5 fxg4 50. fxg4 Kd5 51. Ra6 Re6 52. Rxe6
Kxe6 53. Ke3 Kd5 54. b4 Kc6 55. Kf4 cxb4 56. axb4 Kb5 57. Ke5 Kxb4 58. d4 Kb5
59. Ke6 Kc6 60. d5+ Kc7 61. Ke7 1-0

[Event "Klubbmesterskapet 2017 (A)"]
[Site "Ås, Akershus NOR"]
[Date "2017.02.09"]
[Round "4"]
[White "Andersen, Odd"]
[Black "Furnes, Torstein"]
[Result "0-1"]
[WhiteElo "1611"]
[BlackElo "1565"]
[Annotator "Furnes, Torstein"]
[PlyCount "68"]
[EventDate "2017.01.12"]

1. d4 d5 2. Bf4 Nf6 3. e3 Bg4 4. Nf3 e6 5. c3 c5 6. Nbd2 Nc6 7. Bb5 Qb6 8. Qa4
Rc8 $146 {Dette tårntrekket er ikke tidligere spilt i ChessBase sine databaser.
} 9. Ne5 Bf5 10. dxc5 Bxc5 11. Nb3 O-O 12. Bxc6 bxc6 13. Nxc5 Qxc5 14. Bg5 Ne4
15. Bf4 (15. Nd7 Qd6 16. Nxf8 Nxg5 $11 {vurderes som helt lik stilling av
Fritz 11.}) 15... Nxc3 $5 $17 {Dette springerofferet er nr. 2 på listen over
trekkforslag fra Fritz. Evalueringen viser svart fordel på -1.} 16. Qb3 ({
Fritz mener svart har en liten fordel etter} 16. bxc3 Qxc3+ 17. Ke2 Qb2+ (17...
f6 {er det andre aktuelle alternativet.}) 18. Kf3 g5) 16... Ne4 17. Nd3 ({
Selvsagt ikke} 17. Nd7 $4 Qa5+ 18. Kf1 Nd2+) 17... Qa5+ 18. Qb4 Qxb4+ 19. Nxb4
c5 20. Na6 Rc6 ({Førstevalget til Fritz er nå det vakre} 20... e5 $3 21. Bxe5
Rfe8 22. Bf4 g5 23. Nc7 gxf4 24. Nxe8 Rxe8 $19) 21. Nb8 Rcc8 22. Na6 Rfd8 (
22... e5 $3 $19) 23. Rc1 g5 $6 $15 ({Fritz vil heller spille} 23... c4 $19) 24.
f3 ({Fritz foreslår} 24. Bc7 Rd7 25. f3 Rdxc7 26. Nxc7 Rxc7 27. g4 Bg6 28. fxe4
Bxe4 29. Rf1 $15) 24... gxf4 25. fxe4 Bxe4 26. exf4 ({Fritz foretrekker} 26.
Nxc5 Bxg2 27. Rg1 f3) 26... c4 27. Rc3 Rd6 28. Rg3+ Kf8 29. Ra3 Rb6 30. O-O
Rcc6 31. Nc5 Rxc5 32. Rxa7 Rxb2 33. Rf2 Rxf2 34. Kxf2 c3 0-1

[Event "Klubbmesterskapet 2017 (A)"]
[Site "Ås, Akershus NOR"]
[Date "2017.02.09"]
[Round "4"]
[White "Ruud, Kjetil"]
[Black "Kielland-Lund, Jon"]
[Result "1-0"]
[WhiteElo "1527"]
[BlackElo "1499"]
[PlyCount "149"]
[EventDate "2017.01.12"]

1. e4 c6 2. Nf3 d5 3. Nc3 Bg4 4. exd5 cxd5 5. h3 Bh5 6. g4 Bg6 7. Bb5+ Nc6 8.
Ne5 Rc8 9. d3 a6 10. Bxc6+ bxc6 11. f4 f6 12. Nf3 e6 13. Qe2 Bf7 14. a3 c5 15.
g5 Bd6 16. Nxd5 Ne7 17. Nxe7 Qxe7 18. Bd2 O-O 19. Rg1 f5 20. Ne5 Bxe5 21. Qxe5
c4 22. Bb4 Qa7 23. O-O-O Rfe8 24. d4 Bh5 25. Rd2 Qb7 26. Bc3 Qd5 27. Re1 Bf3
28. Bb4 Qxe5 29. dxe5 Bd5 30. Re3 Rc6 31. Rc3 Rec8 32. Rg3 Kf7 33. h4 Kg6 34.
Rh2 Kh5 35. Kd2 Ra8 36. Bc3 Rd8 37. Rg1 Be4+ 38. Ke3 Rd7 39. Bb4 Rb6 40. Bc3
Rb8 41. Bd4 Rbd8 42. Bc3 Rd1 43. Re1 Rxe1+ 44. Bxe1 Rd1 45. Ba5 Rh1 46. Rxh1
Bxh1 47. Be1 Kg4 48. b4 cxb3 49. cxb3 Bd5 50. b4 g6 51. Bd2 Kxh4 52. Kd4 Kg4
53. Kc5 Kf3 54. Kb6 Bc4 55. a4 Ke2 56. Bc1 Kd1 57. Bb2 Kc2 58. Bd4 Kb3 59. Kc5
a5 60. bxa5 Bd3 61. Kd6 Bc4 62. a6 Bxa6 63. Kxe6 Kc4 64. Bb2 Bc8+ 65. Kf6 Kd5
66. Kg7 Ke6 67. Kf8 Bd7 68. a5 Bb5 69. Kg7 Bc4 70. Kxh7 Kf7 71. Ba3 Bb5 72. e6+
Kxe6 73. Kxg6 Bc4 74. Kh6 Kf7 75. Kh7 1-0

[Event "Klubbmesterskapet 2017 (A)"]
[Site "Ås, Akershus NOR"]
[Date "2017.02.09"]
[Round "4"]
[White "Lange, Holger"]
[Black "Lea, Per"]
[Result "1/2-1/2"]
[WhiteElo "1598"]
[BlackElo "1533"]
[Annotator "Lea, Per"]
[PlyCount "70"]
[EventDate "2017.01.12"]

1. d4 Nf6 2. c4 g6 3. Nc3 Bg7 4. e4 d6 5. Be2 O-O 6. f4 {Vanligvis kommer
dette allerede i det 5. trekket, men det ser like fornuftig ut her.} e5 (6...
c5 {er den vanligste måten å møte firbondesystemet på. Men jeg trodde jeg
hadde sett noe interessant ...}) 7. dxe5 ({Stockfish påstår at} 7. fxe5 {er
den beste måten å slå på. Det kunne fulgt} dxe5 8. d5 (8. dxe5 Qxd1+ 9. Bxd1
Nfd7 10. Nf3 Nxe5 11. Be2 {er bra for svart}) 8... c6 9. Bg5 Qb6 10. Qd2 cxd5
11. cxd5 {og jeg ville vurdert fribonden som ekkel, men som vanlig er
Stockfish uenig... I partiet endte jeg opp med å spille mot TO fribønder i
d-linja!}) 7... dxe5 8. Qxd8 Rxd8 9. fxe5 Nfd7 ({Opprinnelig hadde jeg planlagt
} 9... Ng4 {men jeg så ikke Stockfish sitt forslag:} 10. Bg5 Re8 11. Nd5 Na6
12. Bxg4 Bxg4 13. Nf3 c6 14. Nf6+ Bxf6 15. Bxf6 Nc5 {med lik stilling}) 10. Nd5
{Ikke på langt nær så godt som vi begge trodde etter partiet} Bxe5 $2 (10...
Na6 11. Nf3 Re8 12. Bg5 Nxe5 {er helt greit for svart}) 11. Nf3 Bd6 12. Bg5 ({
Jeg fryktet} 12. c5 Nxc5 13. e5 {men overså helt} Bxe5 14. Ne7+ Kf8 15. Nxc8
Nbd7 16. Nxe5 Nxe5 17. Bh6+ Ke8 18. O-O Raxc8 {og Stockfish vurderer de to
svarte merbøndene som mer verdt enn hvits løperpar}) 12... Re8 13. c5 c6 14.
cxd6 cxd5 15. exd5 f6 16. Bh4 Kg7 $2 (16... b6 {er en bedre plan, men også da
står hvit best}) 17. Kf2 ({Etter} 17. Nd4 Nb6 18. O-O N8d7 19. Ne6+ Kg8 20.
Rac1 Nxd5 21. Bc4 N7b6 22. Nc7 {kan svart satse på Ludo i stedet. Ikke at jeg
har noen tro på at det ville gå særlig mye bedre.}) 17... Nc5 18. Rhd1 Ne4+ 19.
Kf1 Nxd6 20. Rac1 Kf7 21. Nd4 Nf5 22. Nxf5 (22. Rc7+ Kf8 (22... Nd7 23. Nxf5
gxf5 24. Bh5+ {Game, Set & Match}) 23. Nxf5 Bxf5 24. Bb5 {Som Petter Northug
sa: "Barneskirenn!"}) 22... Bxf5 23. Rc7+ Re7 24. d6 (24. Rxe7+ Kxe7 25. Re1
Kf7 26. g4 Be4 27. Bc4 b5 28. Rxe4 bxc4 29. Rxc4 {bør vinne greit for hvit})
24... Rxc7 25. dxc7 Nc6 26. Bf3 (26. Bc4+ Ke7 ({Ikke} 26... Be6 27. Rd7+ Ne7
28. Bxe6+ Kxe6 29. Rd8 Rc8 30. Bg3 {og svart har ingen fornuftige planer}))
26... Rc8 27. Bxc6 (27. g4 Be6 28. Bg3 {og svart har igjen problemer med å
finne fornuftige trekk}) 27... bxc6 28. Bg3 {Nå kan plutselig svart begynne å
håpe på remis} Ke7 29. Rd4 a6 30. Ke2 Be6 31. b3 g5 32. Ra4 f5 {Truer med å
frata løperen tilgangen til c7} 33. Be5 Bd5 34. Rxa6 Ke6 35. Bc3 Rxc7 {Med
remistilbud - som ble akseptert. Sjakken er - som livet ellers - urettferdig ..
.} 1/2-1/2

[Event "Klubbmesterskapet 2017 (A)"]
[Site "Ås, Akershus NOR"]
[Date "2017.02.09"]
[Round "4"]
[White "Støle, Andreas"]
[Black "Moberg, Jan Rune"]
[Result "1-0"]
[WhiteElo "1632"]
[BlackElo "1529"]
[PlyCount "95"]
[EventDate "2017.01.12"]

1. e4 c5 2. Nf3 d6 3. d4 cxd4 4. Nxd4 Nf6 5. Nc3 a6 6. Bc4 e6 7. Bb3 Bd7 8. Be3
Nc6 9. O-O Be7 10. Qe2 Qc7 11. Rfd1 O-O 12. f3 Rfd8 13. a3 Rac8 14. Kh1 Na5 15.
Qf2 Nc4 16. Bxc4 Qxc4 17. Nb3 Re8 18. Bb6 Ra8 19. Na5 Qc8 20. Rd2 Bc6 21. Rad1
Nd7 22. Nc4 d5 23. exd5 exd5 24. Nxd5 Bxd5 25. Rxd5 Nf6 26. Nd6 Qc6 27. R5d3
Bxd6 28. Rxd6 Qb5 29. Qd4 h6 30. c4 Qf5 31. b4 Qc2 32. Qd3 Qe2 33. h3 Nh5 34.
Qxe2 Ng3+ 35. Kh2 Nxe2 36. Rd7 Nf4 37. Rxb7 Re2 38. Rg1 Ra2 39. c5 Re8 40. Bc7
g5 41. Rb8 Rxb8 42. Bxb8 Rxa3 43. Bxf4 gxf4 44. Rc1 Rd3 45. c6 Rd8 46. Ra1 Rb8
47. Rxa6 Rxb4 48. Ra8+ 1-0

[Event "Klubbmesterskapet 2017 (A)"]
[Site "Ås, Akershus NOR"]
[Date "2017.02.09"]
[Round "4"]
[White "Lund, Petter"]
[Black "Bø, Martin"]
[Result "1/2-1/2"]
[WhiteElo "1583"]
[BlackElo "1285"]
[Annotator "Bø, Martin"]
[PlyCount "54"]
[EventDate "2017.01.12"]

1. e4 c5 2. Nf3 d6 3. d4 cxd4 4. Nxd4 Nf6 5. Nc3 g6 6. Bb5+ {Vanligere er
yugoslav angrepet med} (6. Be3 Bg7 7. f3 O-O 8. Qd2 Nc6 9. Bc4 (9. O-O-O d5)
9... Bd7 10. O-O-O Rc8 11. Bb3) 6... Bd7 7. Be3 Bxb5 8. Ndxb5 a6 9. Nd4 Bg7 10.
f3 Nc6 11. Qd2 Ne5 {Hele h8-a1 diagonalen utenom b2 er dekket av offiserer} 12.
Qe2 $6 (12. b3 {Ser ulogisk ut å åpne opp diagonalen for drageløperen, men
hvit må hindre sorts springer i å nå c4 feltet} Rc8 13. O-O O-O) 12... Rc8 13.
Nd1 Nc4 14. c3 Nxe3 (14... d5 {Gir muligheter for en fordel til sort om hvit
ikke spiller veldig nøyaktig} 15. Nf2 (15. exd5 $2 Nxd5 16. O-O (16. Bf2 $2 Nf4
17. Qc2 Nxg2+ 18. Kf1 Nf4) 16... O-O 17. Nc2 Qc7 {Gir fordel til sort med
veldig aktive brikker}) 15... dxe4 16. fxe4 $15) 15. Nxe3 O-O 16. O-O Qc7 17.
Kh1 Rfd8 18. Rfe1 d5 {Herifra og ut er nok remisen mer eller mindre tvunget.
Sort gir fra seg en bonde, men vinner den tilbake ved å doble på andreraden
til hvit} 19. exd5 Nxd5 20. Nxd5 Rxd5 21. Qxe7 Qxe7 22. Rxe7 Bxd4 23. cxd4 Rxd4
24. Rxb7 Rd2 25. Re1 Rcc2 26. Rg1 Rxb2 27. Rxb2 Rxb2 1/2-1/2

[Event "Klubbmesterskapet 2017 (B)"]
[Site "Ås, Akershus NOR"]
[Date "2017.02.09"]
[Round "4"]
[White "Sandvik, Sander"]
[Black "Midtgard, Anders"]
[Result "0-1"]
[WhiteElo "1145"]
[BlackElo "1125"]
[Annotator "Lea, Per"]
[PlyCount "57"]
[EventDate "2017.01.12"]

1. e4 c5 2. b3 a6 3. Bb2 b5 {Originalt åpningsspill - det skal de ha. Men det
er spilt før: ChessBase har registrert en håndfull partier med denne
stillingen. Dessverre for Anders: hvit har klart best score. Men utvalget er
jo ikke all verden, så det er ingen grunn til å dømme varianten nord og ned.}
4. d3 ({Et forsøk på å få til noe, er} 4. a4 {men etter} Bb7 5. axb5 axb5 6.
Rxa8 Bxa8 7. Bxb5 Bxe4 {ser det temmelig likt ut}) 4... Bb7 5. Nd2 e6 6. g3 Nf6
7. Bg2 d5 8. e5 Nfd7 9. c4 Qc7 (9... Nc6 {er ingen bukk:} 10. cxd5 Nb4 11. Qe2
Bxd5 12. Bxd5 Nxd5 {og selv om svart kanskje står en aning bedre, så har i
hvert fall ikke hvit noe problem med å kvitte seg med svakheten på d3}) 10.
Ngf3 $2 (10. cxd5 Bxd5 11. Bxd5 exd5 12. f4 {med liten fordel for hvit}) 10...
d4 11. Qe2 Nc6 ({Svart kunne trygt slå bonden:} 11... Nxe5 12. Nxe5 $2 Bxg2 13.
Rg1 Bb7 {med sunn merbonde for svart}) 12. O-O Ncxe5 13. Nxe5 Bxg2 14. Kxg2
Qxe5 15. Qf3 Rb8 16. Rae1 Qc7 17. Kg1 Be7 18. Qh5 Nf6 19. Qh3 O-O 20. Ne4 $2 (
20. Bc1 {for å få aktivert løperen, er en bedre plan. Med en svart bonde på d4
har den ingen framtid på b2.}) 20... Nxe4 21. Rxe4 (21. dxe4 {kunne se
fristende ut, men strander på} bxc4 22. Bc1 {og svart kan velge mellom å
plante en fribonde på c3, eller vinne nok en bonde med} cxb3 23. axb3 Rxb3)
21... b4 (21... Qa5 {vinner minst en bonde} 22. Ra1 Qd2 23. Rb1 (23. Bc1 $2 Qc3
24. Rb1 Qxd3) 23... Qxd3 24. Ree1 bxc4 25. bxc4 Qxc4) 22. Bc1 Qc6 23. Rfe1 a5
24. f4 Bd8 25. f5 exf5 26. Qxf5 Qc8 27. Qh5 Bf6 28. Bg5 Qf5 29. Bxf6 $4 {Og
samtidig oppgitt av hvit. Vi har en mistanke om at det var tidsnød inne i
bildet her} 0-1

[Event "Klubbmesterskapet 2017 (B)"]
[Site "Ås, Akershus NOR"]
[Date "2017.02.09"]
[Round "4"]
[White "Aalmo, Aleksander"]
[Black "Naasen, Nils"]
[Result "0-1"]
[WhiteElo "1183"]
[BlackElo "1320"]
[Annotator "Lea, Per"]
[PlyCount "114"]
[EventDate "2017.01.12"]

1. d4 c5 {Ingen nyhet: det er registrertover 6000 ganger på ChessBase!} 2. Nf3
Nf6 3. c3 e6 4. Bf4 d5 {Via trekkomkastninger er vi kommet over i mer kjente
baner.} 5. Nbd2 Nc6 6. h3 cxd4 7. cxd4 Bd6 (7... Qb6 {vinner en bonde}) 8. Bxd6
Qxd6 9. e3 O-O 10. a3 Bd7 11. Be2 Rfc8 12. O-O Rc7 13. Nb3 e5 14. dxe5 Nxe5 15.
Nbd4 a6 16. Nxe5 Qxe5 17. Bf3 Rac8 18. Qd2 g6 19. Rfc1 Ne4 20. Qe1 f5 21. Rxc7
Qxc7 22. Bd1 Kf7 23. Bb3 Be6 24. Ba2 Kf6 25. Rd1 Bf7 26. f3 Nc5 27. Qh4+ Kg7
28. Ne2 Qe5 29. Qd4 Qxd4 30. Nxd4 Na4 31. Rd2 Nb6 32. Ne2 Nc4 33. Rc2 Re8 34.
Bxc4 dxc4 35. Kf2 b5 36. Nd4 Rd8 37. Rc3 Kf6 38. Ke2 Rd6 39. f4 Bd5 40. g3 Bg2
41. h4 Be4 42. Kd2 h6 43. Ke2 g5 44. hxg5+ hxg5 45. Rc1 gxf4 46. gxf4 Rd7 47.
Rf1 $4 Bd3+ 48. Kf2 Bxf1 49. Kxf1 Rd5 50. Ke2 a5 51. Kd2 b4 52. axb4 axb4 53.
Kc2 Rxd4 {"Det enkleste er det beste!"} 54. exd4 Ke6 55. b3 cxb3+ 56. Kxb3 Kd5
57. Kxb4 Kxd4 {og svarts f-bonde går inn} 0-1

[Event "Klubbmesterskapet 2017 (B)"]
[Site "Ås, Akershus NOR"]
[Date "2017.02.09"]
[Round "4"]
[White "Rønbeck, Bjørn"]
[Black "Lange, Magnus Øyvind"]
[Result "1-0"]
[WhiteElo "1168"]
[BlackElo "868"]
[Annotator "Lea, Per"]
[PlyCount "47"]
[EventDate "2017.01.12"]

1. e4 e5 2. Nf3 Nc6 3. Bb5 Nf6 4. Bxc6 bxc6 5. O-O d6 6. h3 Nxe4 7. d4 Be7 (
7... exd4 8. Nxd4 d5 (8... Qd7 $4 9. Re1 d5 10. f3) 9. Nxc6) 8. dxe5 O-O 9.
Nbd2 Nxd2 10. Bxd2 dxe5 11. Nxe5 Bb7 12. Bc3 Bd6 13. Qg4 {Til tross for at
svart har løperparet, står hvit best her} f6 $2 (13... Bc8 {Like greit å
innrømme at løperen ikke står spesielt godt på b7}) 14. Qc4+ Kh8 15. Nf7+ Rxf7
16. Qxf7 Bf8 17. Rad1 Qc8 18. Rd7 Qe8 19. Qxe8 Rxe8 20. Rxc7 Rb8 21. Rd1 c5 22.
Rdd7 Be4 23. Rxa7 Bxc2 24. a4 1-0

[Event "Klubbmesterskapet 2017 (B)"]
[Site "Ås, Akershus NOR"]
[Date "2017.02.19"]
[Round "4"]
[White "Simonsen, Steinar"]
[Black "Garmark, Vegard"]
[Result "1/2-1/2"]
[WhiteElo "1218"]
[BlackElo "1217"]
[PlyCount "60"]
[EventDate "2017.01.12"]

1. e4 e5 2. Nf3 Nf6 3. Nc3 d6 4. d4 exd4 5. Nxd4 a6 6. Be2 Be7 7. O-O O-O 8. h3
Nbd7 9. a4 Nc5 10. f3 Ne6 11. Be3 Nh5 12. Nxe6 Bxe6 13. Bf2 f5 14. Nd5 fxe4 15.
Nxe7+ Qxe7 16. fxe4 Nf4 17. Bg3 Nxe2+ 18. Qxe2 Qg5 19. Rf3 Rxf3 20. Qxf3 Rf8
21. Qd3 h6 22. Re1 Qc5+ 23. Kh2 Qb4 24. b3 Qc5 25. Qe2 Qc3 26. e5 d5 27. Qd3
Qxd3 28. cxd3 c5 29. a5 b6 30. axb6 Rb8 1/2-1/2

[Event "Klubbmesterskapet 2017 (A)"]
[Site "Ås, Akershus NOR"]
[Date "2017.02.16"]
[Round "5"]
[White "Lea, Per"]
[Black "Støle, Andreas"]
[Result "0-1"]
[WhiteElo "1533"]
[BlackElo "1632"]
[PlyCount "68"]
[EventDate "2017.01.12"]

1. e4 c5 2. Nf3 g6 3. d4 Bg7 4. c3 b6 5. Bf4 Bb7 6. Bc4 Nf6 7. e5 Nd5 8. Bg3
Nc7 9. d5 O-O 10. O-O b5 11. d6 bxc4 12. dxc7 Qxc7 13. e6 Qc6 14. exd7 Nxd7 15.
Qe2 e5 16. Rd1 e4 17. Ne1 Ne5 18. Bxe5 Bxe5 19. Qxc4 Rfe8 20. Na3 Ba6 21. Qd5
Qc7 22. h3 Be2 23. Rdb1 Rad8 24. Qb3 c4 25. Qc2 Bd3 26. Nxd3 exd3 27. Qd1 Bh2+
28. Kh1 Be5 29. Qf1 Qc5 30. Rc1 Bf6 31. Rab1 Re2 32. f3 Rde8 33. Re1 Bh4 34.
Rxe2 dxe2 0-1